| 000 | 01103nam a2200301 i 4500 | ||
|---|---|---|---|
| 003 | EG-ScBUE | ||
| 005 | 20240128093343.0 | ||
| 008 | 120206s2010 ua f 000 0aaara d | ||
| 017 | _a2008 / 16709 | ||
| 020 | _a9789770925010 | ||
| 040 |
_aEG-ScBUE _bara _erda _cEG-ScBUE _dEG-ScBUE |
||
| 043 | _af-ua--- | ||
| 082 | 0 | 4 |
_222 _a962.06 _bح ا ف |
| 100 | 1 |
_928672 _aحافظ، سليمان، _d1896-1968، _eمؤلف. |
|
| 245 | 1 | 0 |
_aذكرياتي عن الثورة / _cسليمان حافظ. |
| 250 | _aالطبعة الأولى. | ||
| 264 | 1 |
_aالقاهرة : _bدار الشروق، _c2010. |
|
| 300 |
_a152 صفحة ؛ _c24 سم |
||
| 336 |
_2rdacontent _aنص _btxt |
||
| 337 |
_aبدون وسيط _2rdamedia _bn |
||
| 338 |
_aمجلد _bnc _2rdacarrier |
||
| 600 | 1 | 7 |
_928673 _aحافظ، سليمان، _d1896-1968 _vيوميات. _2BUEsh |
| 651 | 7 |
_2BUEsh _aمصر _xتاريخ _yالعصر الحديث _yثورة 1952 م. |
|
| 651 | 7 |
_2BUEsh _aمصر _xأحوال سياسية _yالعصر الحديث _yثورة 1952. |
|
| 653 | _cFebruary2012 | ||
| 655 | _vReading book | ||
| 942 |
_2ddc _cBB |
||
| 999 |
_c16402 _d16402 |
||